Countries who've won Continental Soccer Trophies - Statistics

General Stats
  • This quiz has been taken 51 times
  • The average score is 101 of 138
Answer Stats
Hint Answer % Correct
4 | 7 | 8 Germany
93%
5 | 8 Japan
93%
12 South Korea
90%
3 | 9 | 25 Argentina
88%
1 | 4 Australia
88%
5 | 23 Brazil
88%
1 France
88%
1 | 3 Iran
88%
1 | 7 | 9 | 12 Italy
88%
1 | 3 Colombia
86%
1 | 4 Ecuador
86%
2 | 8 | 17 Egypt
86%
3 Iraq
86%
1 | 3 | 38 Mexico
86%
1 | 4 | 6 Netherlands
86%
1 Peru
86%
6 Saudi Arabia
86%
7 | 14 | 19 Spain
86%
3 United States
86%
3 China
83%
2 | 3 Nigeria
83%
2 Qatar
83%
1 | 2 South Africa
83%
1 | 3 | 5 Algeria
81%
1 Chile
81%
1 | 8 | 9 | 15 England
81%
1 | 2 | 7 Morocco
81%
14 New Zealand
81%
8 Uruguay
81%
1 | 5 Ghana
79%
2 Honduras
79%
3 Paraguay
79%
1 | 2 | 4 Portugal
79%
1 Turkey
79%
3 Cameroon
76%
1 | 2 Scotland
76%
4 | 5 | 6 Tunisia
76%
3 | 6 Costa Rica
74%
1 | 2 Cote d'Ivoire
74%
1 Bolivia
71%
1 | 2 Guatemala
71%
3 Israel
71%
2 Russia
71%
2 Sweden
71%
1 | 3 Belgium
69%
1 Romania
69%
1 United Arab Emirates
69%
2 | 6 Democratic Republic of the Congo
67%
1 | 3 El Salvador
67%
1 Oman
67%
1 Republic of the Congo
62%
2 Thailand
62%
1 Yugoslavia
60%
2 Haiti
57%
2 Trinidad and Tobago
57%
1 Lebanon
55%
2 Syria
55%
3 Jordan
52%
1 Malaysia
52%
1 Sudan
52%
1 Ukraine
52%
2 Bahrain
50%
4 Kuwait
50%
1 Mali
50%
1 Papua New Guinea
50%
1 Zambia
50%
1 Kenya
48%
3 Soviet Union
48%
1 | 3 Guinea
43%
1 Czechoslovakia
40%
2 Suriname
40%
1 Chinese Taipei
38%
1 Uzbekistan
38%
4 Tajikistan
36%
1 East Germany
33%
2 Kyrgyzstan
33%
2 Turkmenistan
33%
1 Myanmar
29%
1 New Caledonia
21%
No matching quizzes found
Score Distribution
Percent of People with Each Score
Percentile by Number Answered
Your Score History
You have not taken this quiz